000 00607cam a2200145 4500500
005 20251228082903.0
041 _afre
042 _adc
100 1 0 _ade Guardia, Jean
_eauthor
245 0 0 _aRan-E. Hong, L’impossible social selon Molière, Tübingen, Papers on French Seventeenth Century Literature, coll. « Biblio 17 », 2002. Un vol. 14 × 21 cm de 198 p.
260 _c2005.
500 _a31
786 0 _nDix-septième siècle | 227 | 2 | 2005-06-01 | p. 355b-376b | 0012-4273
856 4 1 _uhttps://shs.cairn.info/revue-dix-septieme-siecle-2005-2-page-355b?lang=fr&redirect-ssocas=7080
999 _c1599992
_d1599992